00708cam a22001811 450000100100000000500170001000800410002704000250006808200110009310000330010424500860013726000450022330000210026849000510028983000600034095201090040099900170050900001856620200929165826.0740422s1973 ck 000 0 spa  aDO-SdBNPbspacBNPHU axxbxx2 aMoreno Clavijo, Jorge94015213aEl hombre que hacia monitos, y otras estampas bogotanas. /cJorge Moreno Clavijo. aBogotá :bInstituto Colombiano,c1973. a109 p. ;c17 cm.1 aBiblioteca Colombiana de Cultura. Pupularv115 0aBiblioteca Colombiana de Cultura.pPupular,v115940153 001050718MOaGRbGRcCTd2010-05-11iLF1l0oxx xxp18566-10r2020-06-25w2020-06-25y1ZNo se presta c18086d18086